000 00804nam a2200253Ia 4500
003 OSt
005 20220923215111.0
006 a|||||r|||| 00| 0
007 ta
008 220922b |||||||| |||| 00| 0 hin d
024 _a175,577
037 _cTextual
040 _aARTS
_cARTS
_bhin
041 _2hin
_ahin
082 _aO152,1:gN3, M5
100 _aसुखबीर सिंह
245 0 _aकविता में लिखा इतिहास
246 _aKavitā mean likhā itihāsa
260 _aदिल्ली
_b जयश्री प्रका0
_c1985
300 _a176 पृ.
_ccm.
650 _aहिन्दी साहित्य
_9156264
942 _hO152,1:gN3, M5
_cTEXL
_2CC
999 _c329281
_d329281